Länder Auswahl Quiz - Statistiken

Allgemein
  • Dieses Quiz wurde 414 mal gespielt
  • Das Durchschnittsergebnis liegt bei 54 aus 80
Antwortstatistiken
Frage Kachel Select % Korrekt
Länder in Afrika Kuba Nein
98%
Länder in Afrika Singapur Nein
98%
Länder in Afrika Somalia Ja
98%
Länder in Afrika Ghana Ja
97%
Länder in Afrika Gambia Ja
96%
Länder in Afrika Botswana Ja
95%
Länder in Afrika Tschad Ja
95%
Länder in Afrika Marokko Ja
94%
Länder in Afrika Bhutan Nein
92%
Länder in Afrika Mali Ja
92%
Länder ohne Küsten Finnland Nein
91%
Länder in Afrika Malediven Nein
91%
Länder in Afrika Belize Nein
90%
Länder ohne Küsten Guyana Nein
89%
Länder ohne Küsten Nordkorea Nein
88%
Länder mit einer Gesamtbevölkerung über 50 mio. Frankreich Ja
87%
Länder in Afrika Suriname Nein
87%
Länder ohne Küsten Österreich Ja
86%
Länder in Afrika Burundi Ja
84%
Länder in Afrika Swasiland Ja
83%
Länder ohne Küsten Senegal Nein
82%
Länder mit Spanisch als Amtssprache Argentinien Ja
80%
Länder mit Spanisch als Amtssprache Ecuador Ja
80%
Länder mit Spanisch als Amtssprache Guinea Nein
80%
Länder mit einem höheren BIP pro Kopf als Portugal Malediven Nein
80%
Länder mit einer Gesamtbevölkerung über 50 mio. Türkei Ja
80%
Länder ohne Küsten Slowakei Ja
79%
Länder mit Spanisch als Amtssprache Brasilien Nein
78%
Länder ohne Küsten Mongolei Ja
77%
Länder mit einem höheren BIP pro Kopf als Portugal Uruguay Nein
77%
Länder mit einem höheren BIP pro Kopf als Portugal Japan Ja
75%
Länder mit einem höheren BIP pro Kopf als Portugal Ungarn Nein
75%
Länder ohne Küsten Südsudan Ja
74%
Länder mit Spanisch als Amtssprache El Salvador Ja
73%
Länder mit einem höheren BIP pro Kopf als Portugal Griechenland Nein
72%
Länder mit Spanisch als Amtssprache Paraguay Ja
72%
Länder mit Spanisch als Amtssprache Jamaika Nein
71%
Länder ohne Küsten Ruanda Ja
71%
Länder in Afrika Seychellen Ja
71%
Länder mit einer Gesamtbevölkerung über 50 mio. Ägypten Ja
70%
Länder mit Spanisch als Amtssprache Kuba Ja
70%
Länder mit Spanisch als Amtssprache Haiti Nein
69%
Länder ohne Küsten Nigeria Nein
69%
Länder mit einem höheren BIP pro Kopf als Portugal Italien Ja
68%
Länder ohne Küsten Slowenien Nein
68%
Länder ohne Küsten Bolivien Ja
67%
Länder mit einer Gesamtbevölkerung über 50 mio. Algerien Nein
66%
Länder mit einer Gesamtbevölkerung über 50 mio. Bangladesch Ja
66%
Länder mit einem höheren BIP pro Kopf als Portugal Belgien Ja
65%
Länder mit Spanisch als Amtssprache Bolivien Ja
65%
Länder mit Spanisch als Amtssprache Nicaragua Ja
65%
Länder mit Spanisch als Amtssprache Panama Ja
64%
Länder mit einem höheren BIP pro Kopf als Portugal Finnland Ja
62%
Länder mit einer Gesamtbevölkerung über 50 mio. Malaysia Nein
61%
Länder mit Spanisch als Amtssprache Barbados Nein
60%
Länder ohne Küsten Jordanien Nein
60%
Länder mit einer Gesamtbevölkerung über 50 mio. Ukraine Nein
60%
Länder mit einer Gesamtbevölkerung über 50 mio. Vietnam Ja
59%
Länder mit einer Gesamtbevölkerung über 50 mio. Thailand Ja
58%
Länder mit einer Gesamtbevölkerung über 50 mio. Australien Nein
56%
Länder mit einem höheren BIP pro Kopf als Portugal Irland Ja
56%
Länder mit Spanisch als Amtssprache Belize Nein
54%
Länder mit einer Gesamtbevölkerung über 50 mio. Saudi-Arabien Nein
53%
Länder ohne Küsten Laos Ja
52%
Länder mit einem höheren BIP pro Kopf als Portugal Polen Nein
51%
Länder mit einer Gesamtbevölkerung über 50 mio. Südkorea Ja
51%
Länder mit einer Gesamtbevölkerung über 50 mio. Argentinien Nein
48%
Länder ohne Küsten Äthiopien Ja
48%
Länder ohne Küsten Sudan Nein
46%
Länder mit einer Gesamtbevölkerung über 50 mio. Spanien Nein
45%
Länder mit einem höheren BIP pro Kopf als Portugal China Nein
42%
Länder mit einem höheren BIP pro Kopf als Portugal Israel Ja
39%
Länder mit einem höheren BIP pro Kopf als Portugal Saudi-Arabien Nein
39%
Länder mit Spanisch als Amtssprache Andorra Nein
38%
Länder mit einer Gesamtbevölkerung über 50 mio. Kenia Ja
34%
Länder mit einer Gesamtbevölkerung über 50 mio. Tansania Ja
32%
Länder mit Spanisch als Amtssprache Äquatorial-Guinea Ja
27%
Länder mit einem höheren BIP pro Kopf als Portugal Estland Ja
27%
Länder mit einem höheren BIP pro Kopf als Portugal Brunei Ja
18%
Länder mit einem höheren BIP pro Kopf als Portugal Bahamas Ja
11%
Keine übereinstimmenden Quizze gefunden
Verteilung der Resultate
Anzahl Personen mit jedem Resultat
Perzentil nach korrekt beantworteten Fragen
Ihre Resultats-Entwicklung
Sie haben dieses Quiz noch nicht gespielt